El derecho dúctil: ley, derechos, justicia

Saved in:
書目詳細資料
主要作者: Zagrebelsky, Gustavo (Author)
格式: 圖書
語言:西班牙语
出版: Madrid Trotta 1999
版:3a. ed
叢編:Colección Estructuras y Procesos, Serie Derecho
主題:
標簽: 添加標簽
沒有標簽, 成為第一個標記此記錄!

MARC

LEADER 00000nam a2200000 a 4500
001 UCO3857
003 CL-VaPUC
008 000728e19990000SP |||||||||||||||||spa|d
082 0 4 |a 342.2  |b ZAG  |2 21 
100 0 |a Zagrebelsky, Gustavo  |e author  |9 447854 
245 1 3 |a El derecho dúctil: ley, derechos, justicia 
250 |a 3a. ed 
300 |a 156 p 
942 |c BK 
945 |d 20000728 00:00:00  |a vberengu 
260 |a Madrid  |b Trotta  |c 1999 
650 0 |a Derecho constitucional   |9 222588 
650 0 |a Derechos humanos  |9 223025 
650 0 |a Estado de derecho  |9 257795 
650 0 |a Justicia   |9 255408 
650 0 |a Libertad  |9 255686 
583 |a last modification  |c 20000728 00:00:00  |k Rodrigo Vera 
490 0 |a Colección Estructuras y Procesos, Serie Derecho 
999 |c 289985  |d 289983 
952 |0 0  |1 0  |4 0  |6 342_200000000000000_ZAG_1999  |7 0  |8 DER_TF  |9 339026  |a BIBDER  |b BIBDER  |d 2019-11-20  |i 3609782  |o 342.2 ZAG 1999  |p 3609782  |r 2023-01-25  |w 2019-11-20  |x Ubicación 4to Piso  |y BK  |z Estos recursos deben solicitarse con anticipación  |k DER 
952 |0 0  |1 0  |4 0  |6 342_200000000000000_ZAG_1999  |7 0  |8 A  |9 339027  |a BIBDER  |b BIBDER  |d 2019-11-20  |i 4293053  |o 342.2 ZAG 1999  |p 4293053  |r 2023-01-25  |w 2019-11-20  |y BK  |k DER